MARC

LEADER 00000nas a2200000 a 4500
001 ssj0018400
003 WaSeSS
005 20200512172242.0
006 m d
007 cr n
008 991230d20002003nyumr p s 0 a0eng c
010 |a  00234559  
016 7 |a 009209765  |2 Uk 
022 |l 1542-0698  |y 1542-0698 
035 |a (WaSeSS)ssj0018400 
037 |b Foundation for Economic Education, Inc., 30 So. Broadway, Irvington-on-Hudson, NY 10533 
040 |a OUN  |b eng  |c OUN  |d NOC  |d HLS  |d IUL  |d NYG  |d SYS  |d IUL  |d GUA  |d DLC  |d NSD  |d ORU  |d INU  |d UMC  |d OCL  |d CLU  |d NSD  |d DLC  |d OCLCQ  |d UKMGB  |d CLU  |d OCLCF  |d P4I  |d OCL  |d OCLCO  |d LIP  |d WaSeSS 
042 |a pcc  |a nsdp 
043 |a n-us--- 
050 0 0 |a AP2  |b .F9155 
082 |a 051 
130 0 |a Ideas on liberty (2000) 
210 0 |a Ideas lib.  |b (2000) 
222 0 |a Ideas on liberty  |b (2000) 
245 1 0 |a Ideas on liberty  |h [electronic resource]. 
260 |a Irvington-on-Hudson, NY :  |b Foundation for Economic Education,  |c c2000-c2003. 
310 |a Monthly 
362 0 |a Vol. 50, no. 1 (Jan. 2000)-v. 53, no. 10 (Nov. 2003). 
500 |a Title from cover. 
500 |a Editor: Sheldon Richman. 
506 |a License restrictions may limit access. 
650 0 |a Liberty  |v Periodicals. 
650 0 |a Libertarianism  |v Periodicals. 
650 7 |a Economic history.  |2 fast  |0 (OCoLC)fst00901974 
650 7 |a Libertarianism.  |2 fast  |0 (OCoLC)fst00997235 
650 7 |a Liberty.  |2 fast  |0 (OCoLC)fst00997251 
650 7 |a Politics and government  |2 fast  |0 (OCoLC)fst01919741 
651 0 |a United States  |x Economic conditions  |v Periodicals. 
651 0 |a United States  |x Politics and government  |v Periodicals. 
651 7 |a United States.  |2 fast  |0 (OCoLC)fst01204155 
655 0 |a Electronic journals. 
700 1 |a Richman, Sheldon L. 
710 2 |a Foundation for Economic Education, inc. 
780 0 0 |t Freeman  |x 0016-0652  |w (DLC) 54029313  |w (OCoLC)1570149 
785 0 0 |t Freeman (Irvington, N.Y. : 2003)  |x 1559-1638  |w (OCoLC)53983085  |w (DLC) 2004257004 
850 |a DLC  |a MH  |a N 
853 2 0 |8 1  |a v.  |b no.  |u 12  |v r  |i (year)  |j (month)  |w m  |x 01 
856 4 0 |z Full text available from Research Library: 01/01/2000 to 11/30/2003  |u https://search.proquest.com/publication/43074 
863 4 1 |8 1.1  |a 50  |b 1  |i 2000  |j 01